Black Sabbath ~ Paranoid Lyrics - Statistics

General Stats
  • This quiz has been taken 285 times
  • The average score is 101 of 136
Answer Stats
Answer % Correct
my
98%
a
97%
I
97%
me
96%
with
95%
help
94%
woman
94%
mind
93%
could
91%
she
91%
the
91%
be
89%
'cause
89%
in
89%
all
88%
All
88%
think
88%
Think
88%
you
87%
Can
86%
can
86%
couldn't
86%
I'm
86%
Finished
85%
insane
84%
time
84%
to
84%
because
82%
People
82%
am
81%
things
77%
so
76%
see
74%
but
71%
of
71%
find
70%
brain
69%
life
69%
satisfy
69%
and
67%
And
67%
nothing
67%
that
67%
frowning
66%
long
66%
don't
65%
seems
65%
day
63%
Oh
63%
will
63%
if
62%
something
62%
yeah
62%
lose
61%
cry
60%
I'll
58%
laugh
58%
too
58%
late
57%
make
57%
Make
57%
can't
56%
is
56%
it's
56%
need
56%
love
55%
tell
55%
wish
55%
happiness
53%
Happiness
53%
joke
53%
show
53%
someone
53%
unreal
53%
feel
50%
hear
50%
Occupy
50%
sigh
50%
pacify
48%
cannot
47%
blind
45%
must
45%
these
45%
words
45%
True
44%
now
42%
as
41%
Telling
34%
state
33%
enjoy
32%
No matching quizzes found
Score Distribution
Percent of People with Each Score
Percentile by Number Answered
Your Score History
You have not taken this quiz